000 02132nam2a2200313 4500
001 RU\NLR\BIBL_A\012124666
005 20191029165410.0
010 _a978-5-94627-192-9
_9100
021 _aRU
_bКН-П-19-069918
_9КН-П-19-5042
035 _a(NLR Aleph) 012124666
035 _a(RuMoRGB)010096200
090 _a12012098
_c12012098
100 _a20191021d2019 k y0rusy50 ca
101 0 _aeng
_arus
102 _aRU
105 _aa z 000zy
200 0 _aIss. 4
210 _d2019
215 _aVI, 45 с.
_cил., цв. ил.
313 _aСекция 9. Проектирование электронной компонентной базы. Секция 10. Проектирование радиационно-стойких СБИС и элементов для космической техники. Секция 11. Решение сетевых и алгоритмических задач
461 0 _1001RU\NLR\BIBL_A\012124620
_12001#$aProblems of advanced micro-and nanoelectronic systems development - 2018$eVIII All-Russia science & technology conference$eselected articles$f[chief editor: Alexander L. Stempkovsky, academician of RAS, Doctor of science, Professor]$vIss. 4
_912011861
_cМосква
_d2019
_f[chief editor: Alexander L. Stempkovsky, academician of RAS, Doctor of science, Professor]
_nFederal state budget science institute for design problems in microelectronics of Russian academy of sciences
_oVIII All-Russia science & technology conference : selected articles
_tProblems of advanced micro-and nanoelectronic systems development - 2018
_y9785946271851
_vIss. 4
606 1 _aБольшие интегральные схемы
_jСъезды, совещания и т.п
_xПроектирование
_92299501
_3RU\NLR\AUTH\661376777
606 1 _aБольшие интегральные схемы
_jСъезды, совещания и т.п
_xРадиационная стойкость
_92211905
_3RU\NLR\AUTH\6601562525
686 1 _aЗ844.15-02я431(2)
686 1 _aЗ844.15-019.8я431(2)
942 _cBOOK
980 _aNB